| 000 | 00832nam a2200181 i 4500 | ||
|---|---|---|---|
| 001 | 161063 | ||
| 003 | ES-MaACL | ||
| 005 | 20251115063312.0 | ||
| 008 | 041013s1888 sp a |||| | spa d | ||
| 100 | 1 |
_aOriol, Román, _d1847-1898 _987263 |
|
| 245 | 1 | 3 |
_aLa industria minera en la provincia de Palencia / _cpor Román Oriol. |
| 260 |
_aMadrid : _b[Sociedad Económica Palentina], _c1888 ( _fEstabl. tip. "Sucesores de Rivadeneyra") |
||
| 300 |
_a76 p. : _bil. ; _c22 cm. |
||
| 594 | _aMemoria premiada por la Sociedad Económica de Amigos del País, en el certamen científico-literario celebrado en Palencia en septiembre de 1887. | ||
| 650 | 4 |
_aMinería- _zPalencia (Provincia) _9167419 |
|
| 852 |
_aES-MaACL _jT-1104-F-5 _z- Enc. hol., conservando cub. original _z- Enc. en un vol. facticio |
||
| 999 |
_c161063 _d161063 |
||